Gombrowicz, Polish modernism and the subversion of form

Titel: Gombrowicz, Polish modernism and the subversion of form / Michael Goddard
Beteiligt:
Veröffentlicht: West Lafayette, Ind. : Purdue Univ. Press, 2010
Umfang: 155 S.
Format: Buch
Sprache: Englisch
Schriftenreihe/
mehrbändiges Werk:
Comparative cultural studies
RVK-Notation:
Schlagworte:
ISBN: 1557535523 ; 9781557535528
Buchumschlag
X
Lokale Klassifikation: 32 10 E ; 32 15 R ; 32 15 L
alg: 32090896
001A    $00026:26-04-13 
001B    $01999:09-06-23 $t20:43:47.000 
001D    $00026:16-05-13 
001U    $0utf8 
001X    $00 
002@    $0Aau 
003@    $0320908968 
003O    $0760717773 $aOCoLC 
004A    $01-55753-552-3 
004A    $A978-1-55753-552-8 
006L    $0BV036545738 $2BVB 
007A    $0BV036545738 $aBVB 
007G    $0DE0131A9228D5BD12CA72C1257B6D003A6B30 
009P    $A2 $3Inhaltsverzeichnis $uhttp://bvbr.bib-bvb.de:8991/F?func=service&doc_library=BVB01&doc_number=020467430&line_number=0001&func_code=DB_RECORDS&service_type=MEDIA 
009P    $qapplication/pdf $A2 $3Inhaltsverzeichnis $uhttp://scans.hebis.de/HEBCGI/show.pl?32090896_toc.pdf $mV:DE-603;B:DE-26 
010@    $aeng 
011@    $a2010 
021A    $aGombrowicz, Polish modernism and the subversion of form $hMichael Goddard 
028C    $D20220215 $Ecgwrk $71031719199 $8Goddard, Michael$Z1965- [Tp3] $9318284278 
033A    $pWest Lafayette, Ind. $nPurdue Univ. Press 
034D    $a155 S. 
036G    $aComparative cultural studies 
044K    $RGombrowicz, Jerzy $#Gombrowicz, Witold $#Гомбрович, Витольд $#Gombrowicz, Witold Marian $#Niewieski, Z. $#Niwieski, Z. $#Gombrovič, Vitolʹd $#Hombrovyč, Vitolʹd $#Гомбрович, Витольд $7118540645 $8Gombrowicz, Witold$Z1904-1969 [Tp1] $9086881671 
045F    $a809 $eDDC23BSB 
045F/01 $a809 
045F/03 $g438 
045G    $a306.094380904 $eDDC23BSB 
045G/01 $a306.09 
045G/03 $f0904 
045G/03 $g438 
045Z    $8KP 2695 [Tkv] $9409270938 

lok: 32090896 24
101B    $020-04-16 $t14:27:32.000 
101C    $020-04-16 
101U    $0utf8 
145Z/01 $a32 10 E 
145Z/02 $a32 15 R 
145Z/03 $a32 15 L 

exp: 32090896 24 1 #EPN
201B/01 $020-04-16 $t14:29:19.000 
201C/01 $005-04-16 
201U/01 $0utf8 
203@/01 $0770818447 
208@/01 $a20-04-16 $bz 
209A/01 $a16.02131 $du $f050 $h16 02131 $x00 
209C/01 $a16.02131 K $h16 02131 K 
209G/01 $a73896860 $x00 
220C/01 $aeng/hae 
244Z/01 $#Gombrowicz, Witold $#Гомбрович, Витольд $#Gombrowicz, Witold Marian $#Niewieski, Z. $#Niwieski, Z. $#Gombrovič, Vitolʹd $#Hombrovyč, Vitolʹd $#Гомбрович, Витольд $7118540645 $8--Tp1--Gombrowicz, Witold$Z1904-1969 $x01 $9086881671 
247C/01 $8358050-7 Marburg, Bibliothek des Herder-Instituts Marburg $9102600961 

lok: 32090896 78

exp: 32090896 78 1 #EPN
201B/01 $021-05-19 $t09:02:51.000 
201C/01 $021-05-19 
201U/01 $0utf8 
203@/01 $01051998107 
208@/01 $a21-05-19 $be 
209A/01 $a/ $f000 $x00 
209A/01 $ab*p $x01 
220C/01 $apgar 
244Z/01 $#Generalgouvernement Polen $#Polska $#Rzeczpospolita Polska $#Polska Rzeczpospolita Ludowa $#Poland $#Pologne $#République Polonaise $#Generalne Gubernatorstwo w Polsce $#Polish People's Republic $#Polska Rzeczpospolita Polen $#PRL $#RP $#Polen Generalgouvernement $#Polska Generalgouvernement $#Besetzte Polnische Gebiete $#Besetztes Gebiet in Polen $#Okupowane Polskie Obszary $#Obszary Okupowane w Polsce $#Volksrepublik Polen $#Polska Rosyjska $#Republic Polen $#Respublika Pol'ša $#Pol'skaja Narodnaja Respublika $#République de Pologne $#Polen Links der Weichsel $#Polska po Lewej Stronie Wisły $#Lenkija $#Polija $#Gubernija Carstva Pol'skago $#Republik Polen $74046496-9 $8--Tg1--Polen $x01 $9085129801 
247C/01 $82080>Marburg/Lahn, Herder-Institut, Forschungsbibliothek, Bibliographieportal $9336309341 

lok: 32090896 204

exp: 32090896 204 1 #EPN
201B/01 $011-09-24 $t14:35:42.000 
201C/01 $026-04-13 
201U/01 $0utf8 
203@/01 $0674782674 
208@/01 $a13-06-13 $bzUB 
209A/01 $a000 KP 2695 G578 $du $f000 $x00 
209G/01 $a61580395 $x00 
245S/01 $a21000 $x01 
247C/01 $8631000-x <26>Gießen, Universität Gießen, Universitätsbibliothek Gießen $9102596697
LEADER 00000cam a2200000 c 4500
001 320908968
003 DE-603
005 20230609204347.0
007 tu
008 130426s2010 xx |||| | u00||u|eng c
020 |a 1557535523 
020 |a 9781557535528 
035 |a (DE-599)BVBBV036545738 
035 |a (DE-604)BV036545738 
035 |a (OCoLC)760717773 
040 |a DE-603  |b ger  |c DE-603  |d DE-603 
041 |a eng 
082 0 4 |8 1\u  |a 809  |q DE-101  |2 23/BSB 
083 0 |8 2\u  |a 306.094380904  |q DE-101  |2 23/BSB 
084 |a KP 2695  |0 (DE-625)81124:11864  |0 (DE-603)409270938  |2 rvk 
085 |8 1\u  |b 809 
085 |8 1\u  |z 2  |s 438 
085 |8 2\u  |b 306.09 
085 |8 2\u  |z 1  |s 0904 
085 |8 2\u  |z 2  |s 438 
245 0 0 |a Gombrowicz, Polish modernism and the subversion of form  |c Michael Goddard 
264 1 |a West Lafayette, Ind.  |b Purdue Univ. Press  |c 2010 
300 |a 155 S. 
490 0 |a Comparative cultural studies 
600 1 7 |a Gombrowicz, Witold  |d 1904-1969  |0 (DE-588)118540645  |0 (DE-603)086881671  |2 gnd 
700 1 |a Goddard, Michael  |d 1965-  |0 (DE-603)318284278  |0 (DE-588)1031719199  |2 gnd 
856 4 2 |u http://bvbr.bib-bvb.de:8991/F?func=service&doc_library=BVB01&doc_number=020467430&line_number=0001&func_code=DB_RECORDS&service_type=MEDIA  |3 Inhaltsverzeichnis 
856 4 2 |m V:DE-603;B:DE-26  |q application/pdf  |u http://scans.hebis.de/HEBCGI/show.pl?32090896_toc.pdf  |3 Inhaltsverzeichnis 
924 0 |9 Mb 50  |a (DE-603)770818447  |b DE-Mb50  |c HES  |d c  |g 16.02131 
924 0 |9 2080  |a (DE-603)1051998107  |b DE-2080  |c HES  |d d  |g / 
924 0 |9 26  |a (DE-603)674782674  |b DE-26  |c HES  |d c  |g 000 KP 2695 G578